00634nam a2200181Ia 4500008004100000020001800041040001900059041001200078082002800090100002100118245011000139260003400249300004000283504004900323650001800372651004200390850002000432131103s9999 xx 000 0 und d aSBN 333900448 aLoreto College aEnglish a551.4/THObLCLIB/23,879 aThomas , Michael aTropical geomorphologyb a study of weathering and landform development in warm climates cMichael Thomas aLondonbMacMillan Pressc1974 axii , 332pb ill.43 figuresc 23cm aInclude bibliographical references and index aGeomorphology aGeology - Geomorphology , Hydrosphere aLCLIB/551.4/THO